00423nam a22001457a 4500008004100000040005500041080002300096100002100119245002900140250001300169260005700182300001100239650001600250653001100266230531b |||||||| |||| 00| 0 eng d aNational Science LibrarycNational Science Library aR 582.288(038)bM3 aHawksworth, D L  aDictionary of the fungi  a7th ed.  aSurrey: bCommonwealth Mycological Institute, c1983 a445p.  aDictionary  aFungi